[Event "Marburg op"]
[Site "Marburg"]
[Date "2024.10.27"]
[Round "6"]
[White "Hamann, Martin"]
[Black "Muelders, Oliver"]
[Result "0-1"]
[WhiteElo "1883"]
[BlackElo "1729"]
[PlyCount "56"]
[EventDate "2024.10.24"]
[EventType "swiss"]
[EventRounds "7"]
[EventCountry "GER"]
[SourceTitle "CB16_2025"]
[SourceDate "2025.04.16"]
[SourceVersion "1"]
[SourceVersionDate "2025.04.16"]
[SourceQuality "1"]

1. e4 c6 2. d4 d5 3. e5 c5 4. dxc5 e6 5. Bd3 Bxc5 6. Qg4 Ne7 7. Nf3 g6 8. Nc3 Bd7 9. 0-0 Qb6 10. h4 Na6 11. a3 Nf5 12. Bg5 Be7 13. b4 0-0-0 14. Bd2 Kb8 15. Qf4 Rdf8 16. Rfb1 Ka8 17. g4 Ng7 18. Be3 Qd8 19. Qd4 Qb8 20. Bxa6 bxa6 21. a4 Rc8 22. Ne1 Rc4 23. Qd2 Rxg4+ 24. Kf1 Rd8 25. Nf3 Nf5 26. b5 Bb4 27. bxa6 Rc4 28. Qd3 Rxc3 0-1

[Event "Marburg op"]
[Site "Marburg"]
[Date "2024.10.24"]
[Round "1"]
[White "Besou, Hussain"]
[Black "Hamann, Martin"]
[Result "1/2-1/2"]
[WhiteElo "2350"]
[BlackElo "1883"]
[PlyCount "123"]
[EventDate "2024.10.24"]
[EventType "swiss"]
[EventRounds "7"]
[EventCountry "GER"]
[SourceTitle "CB16_2025"]
[SourceDate "2025.04.16"]
[SourceVersion "1"]
[SourceVersionDate "2025.04.16"]
[SourceQuality "1"]

1. e4 d5 2. exd5 c6 3. dxc6 Nxc6 4. Nf3 e5 5. Bb5 Bd6 6. Bxc6+ bxc6 7. 0-0 Nf6 8. Re1 Qc7 9. Nxe5 0-0 10. Nf3 c5 11. d3 Bb7 12. h3 Rfe8 13. Be3 Nd5 14. Nbd2 Re6 15. Ne4 Be7 16. Bg5 Bxg5 17. Nexg5 Rg6 18. Qe2 Bc6 19. Qe5 Qd7 20. Kh1 h6 21. Ne4 Re8 22. Qh2 Nb4 23. Nxc5 Rxe1+ 24. Rxe1 Qd5 25. Ne4 Nxc2 26. Qb8+ Kh7 27. Rc1 Qxd3 28. Ne5 Qxe4 29. f3 Qe2 30. Nxg6 fxg6 31. Qh2 Nd4 32. Qg1 Nxf3 33. Qd1 Qxd1+ 34. Rxd1 Nh4 35. Rd6 Bxg2+ 36. Kh2 Bf1 37. b4 a6 38. a4 Nf5 39. Rb6 Nd4 40. b5 axb5 41. a5 b4 42. Rxb4 Nc6 43. Rb1 Be2 44. a6 Bxa6 45. Rb6 Bd3 46. Rxc6 g5 47. Kg3 Bf5 48. h4 gxh4+ 49. Kxh4 Bd3 50. Rd6 Bc4 51. Kg4 g6 52. Rd7+ Kg8 53. Kf4 Bf7 54. Ke5 Kg7 55. Ra7 h5 56. Ra6 Bb3 57. Kf4 Kh6 58. Ra8 Bc2 59. Rh8+ Kg7 60. Rc8 Bf5 61. Rc6 Kh6 62. Rd6 1/2-1/2

[Event "GER-chT Betriebe 17th"]
[Site "Berlin"]
[Date "2017.11.03"]
[Round "4.2"]
[White "Meseck, Klaus"]
[Black "Hamann, Martin"]
[Result "0-1"]
[WhiteElo "1731"]
[BlackElo "1960"]
[PlyCount "32"]
[EventDate "2017.11.02"]
[EventType "team-swiss"]
[EventRounds "7"]
[EventCountry "GER"]
[SourceTitle "EXT 2020"]
[Source "ChessBase"]
[SourceDate "2019.10.17"]
[SourceVersion "1"]
[SourceVersionDate "2019.10.17"]
[SourceQuality "1"]
[WhiteTeam "Berlin Telestern"]
[BlackTeam "Berlin Bayer"]
[WhiteTeamCountry "GER"]
[BlackTeamCountry "GER"]

1. e4 Nf6 2. Nc3 d5 3. Nxd5 Nxd5 4. exd5 Qxd5 5. Qf3 Qe5+ 6. Qe3 Qd5 7. Nf3 Nc6 8. c3 g6 9. d4 Bg7 10. Bd3 Bf5 11. 0-0 Bxd3 12. Qxd3 0-0-0 13. Be3 e5 14. Qc2 exd4 15. Nxd4 Bxd4 16. Rad1 Qc5 0-1